Good science : the ethical choreography of stem cell research

Saved in:
Bibliographic Details
Main Author: Thompson, Charis
Format: Book
Language:English
Published: Cambridge, Mass. : MIT Press, c2013.
Subjects:
Tags: Add Tag
No Tags, Be the first to tag this record!

MARC

LEADER 00000cam a2200000 a 4500
001 1/120391
008 191122s2013####mau||||||| |||| ||eng||
020 |a 9780262026994 
040 |a GR-MyUa  |b gre  |c GR-MyUa  |e AACR2 
041 0 |a eng 
082 7 |a 306.461  |2 (23) 
100 1 |a Thompson, Charis. 
245 1 0 |a Good science :   |b the ethical choreography of stem cell research /   |c Charis Thompson.  
260 |a Cambridge, Mass. :   |b MIT Press,   |c c2013.  
300 |a 343 σ. ;   |c 23 εκ.  
650 0 |a Stem cells  |x Research  |x Moral and ethical aspects  |z United States. 
650 0 |a Stem cells  |x Research  |z United States  |x Finance. 
852 |a INST  |b LESVOS  |e 20191122  |h 306.461 THO  |p 005100062963  |q 005100062963  |t BK  |y 0 
920 |a ΠΜΣ Κοινωνική και Ιστορική Ανθρωπολογία  |y Λέσβος  |z 2019-11 
970 |a Δημάκη  |b Μαρία  |z 22-11-2019